Дело по жалобе крестьянина собственника Николая Иевлева села Сапроновки Коломенского уезда Московской губернии, на отказ Московс...

Доступно только в Электронных читальных залах Найти на картеНа карте
RUSMARC
00003585nmc2a2200000 x 450
0013134968b-9e42-44e8-95a2-550c731ff1d3
00520160105054352.0
100##$a20150218l18821883k l0rusy0189 ca
1010#$arus
102##$aRU
2001#$aДело по жалобе крестьянина собственника Николая Иевлева села Сапроновки Коломенского уезда Московской губернии, на отказ Московской казенной палаты в перечислении его в деревню Утиновку того же уезда
$j2 ноября 1882 г. - 19 ноября 1883 г.
251##$cДело
300##$aДело
801#0$aRU
$bРГИА
$c20150218
$gRCR
801#1$aRU
$bГлавНИВЦ
$c20150218
$2rusmarc
801#2$aRU
$bПБ им. Б.Н. Ельцина
$c20160105
$gRCR
$2rusmarc
850##$aРГИА
852##$aРГИА
$eФедеральное казенное учреждение "Российский государственный исторический архив" (РГИА)
$j604
937##$hРГИА
$d11188283
$aASBIBLIO_SCAN
462#0$10013826a62a-52d3-408e-b545-2019664385f0
$12001
$a1861-1895 гг.
$1251
$cОпись
$1852
$j50
461#0$10018ef30ad5-ff5c-4840-a721-74c62a200f95
$12001
$aГлавное выкупное учреждение Министерства финансов
$1251
$cФонд
$1852
$j577
215##$a21 л.
$d36,5х26 см
371##$aДокумент не является опубликованным и широко распространяемым
105##$ay###
1222#$ad
035##$a3134968b-9e42-44e8-95a2-550c731ff1d3
Формат отображения